LEADER 02768oam 2200625I 450 001 9910450349203321 005 20200520144314.0 010 $a1-134-27423-8 010 $a1-280-17926-0 010 $a0-203-02383-8 024 7 $a10.4324/9780203023839 035 $a(CKB)1000000000249186 035 $a(EBL)201318 035 $a(OCoLC)437062992 035 $a(SSID)ssj0000137868 035 $a(PQKBManifestationID)11130106 035 $a(PQKBTitleCode)TC0000137868 035 $a(PQKBWorkID)10096403 035 $a(PQKB)11196487 035 $a(MiAaPQ)EBC201318 035 $a(Au-PeEL)EBL201318 035 $a(CaPaEBR)ebr10163246 035 $a(CaONFJC)MIL17926 035 $a(OCoLC)252707156 035 $a(EXLCZ)991000000000249186 100 $a20180706d2005 uy 0 101 0 $aeng 135 $aur|n|---||||| 181 $ctxt 182 $cc 183 $acr 200 10$aDeveloping writing skills in French /$fGraham Bishop and Bernard Haezewindt 210 1$aLondon ;$aNew York :$cRoutledge, in association with the Open University,$d2005. 215 $a1 online resource (204 p.) 225 1 $aDeveloping writing skills 300 $aDescription based upon print version of record. 311 $a1-138-16986-2 311 $a0-415-34897-8 327 $aBook Cover; Title; Copyright; Contents; Acknowledgements; Introduction; 1 Le bonheur; 2 L'habitat; 3 L'expression artistique; 4 L'environnement en danger; 5 Quelques personnages historiques; 6 Quelques e?di.ces publics; 7 Anecdotes; 8 Science et technologie; Feedback 330 $aDesigned for intermediate to advanced students, this text equips readers with the necessary skills to write confidently in French in a range of situations. Suitable for use as a classroom text or as a self-study course, it is carefully structured to ensure a better understanding of the effect of choice of words, register and style.Each chapter contains a selection of model texts, activities and clear notes on the format, style and language demonstrated. Every activity also has a model answer in the key, which also offers advice, explanations and further examples to support the stude 410 0$aDeveloping writing skills. 606 $aFrench language$xComposition and exercises 606 $aFrench language$xWritten French 608 $aElectronic books. 615 0$aFrench language$xComposition and exercises. 615 0$aFrench language$xWritten French. 676 $a808/.0441 700 $aBishop$b Graham$f1946-,$0977375 701 $aHaezewindt$b Bernard$0977376 801 0$bFlBoTFG 801 1$bFlBoTFG 906 $aBOOK 912 $a9910450349203321 996 $aDeveloping writing skills in French$92226456 997 $aUNINA LEADER 03633nam 22007212 450 001 9910789712103321 005 20160223094811.0 010 $a1-107-22998-7 010 $a1-139-21000-9 010 $a1-280-48533-7 010 $a9786613580313 010 $a1-139-22295-3 010 $a1-139-21815-8 010 $a1-139-21506-X 010 $a1-139-22467-0 010 $a1-139-22124-8 010 $a1-139-05331-0 035 $a(CKB)2670000000131826 035 $a(EBL)833483 035 $a(OCoLC)794364298 035 $a(SSID)ssj0000612884 035 $a(PQKBManifestationID)11374969 035 $a(PQKBTitleCode)TC0000612884 035 $a(PQKBWorkID)10572502 035 $a(PQKB)11722896 035 $a(UkCbUP)CR9781139053310 035 $a(MiAaPQ)EBC833483 035 $a(Au-PeEL)EBL833483 035 $a(CaPaEBR)ebr10533193 035 $a(CaONFJC)MIL358031 035 $a(PPN)186384297 035 $a(EXLCZ)992670000000131826 100 $a20110308d2012|||| uy| 0 101 0 $aeng 135 $aur||||||||||| 181 $ctxt$2rdacontent 182 $cc$2rdamedia 183 $acr$2rdacarrier 200 10$aSocial protest and contentious authoritarianism in China /$fXi Chen$b[electronic resource] 210 1$aCambridge :$cCambridge University Press,$d2012. 215 $a1 online resource (xiii, 241 pages) $cdigital, PDF file(s) 300 $aTitle from publisher's bibliographic system (viewed on 05 Oct 2015). 311 $a1-107-42936-6 311 $a1-107-01486-7 320 $aIncludes bibliographical references and index. 327 $aPart I.A Contentious Society: 1. Introduction -- 2. The surge in social protests from ahistorical perspective -- Part II. Political Opportunity Structure: 3. Market reforms and state strategies -- 4. The Xifang system and political opportunity -- Part III. Protest Strategies and Tactics: 5. Between defiance and obedience -- 6. "Troublemaking" tactics and their efficacy -- Part IV. Conclusion: 7. Reflections and speculations. 330 $aXi Chen explores the question of why there has been a dramatic rise in and routinization of social protests in China since the early 1990s. Drawing on case studies, in-depth interviews and a unique data set of about 1,000 government records of collective petitions, this book examines how the political structure in Reform China has encouraged Chinese farmers, workers, pensioners, disabled people and demobilized soldiers to pursue their interests and claim their rights by staging collective protests. Chen suggests that routinized contentious bargaining between the government and ordinary people has remedied the weaknesses of the Chinese political system and contributed to the regime's resilience. Social Protest and Contentious Authoritarianism in China challenges the conventional wisdom that authoritarian regimes always repress popular collective protest and that popular collective action tends to destabilize authoritarian regimes. 517 3 $aSocial protest & contentious authoritarianism in China 606 $aSocial conflict$zChina 606 $aProtest movements$zChina 607 $aChina$xPolitics and government$y1976-2002 607 $aChina$xPolitics and government$y2002- 615 0$aSocial conflict 615 0$aProtest movements 676 $a322.40951 686 $aPOL000000$2bisacsh 700 $aChen$b Xi$f1972 September 6-$01302173 801 0$bUkCbUP 801 1$bUkCbUP 906 $aBOOK 912 $a9910789712103321 996 $aSocial protest and contentious authoritarianism in China$93714472 997 $aUNINA